The Armenian Church = (Record no. 306592)
[ view plain ]
| 000 -LEADER | |
|---|---|
| fixed length control field | 01321cas a2200349 a 4500 |
| 001 - CONTROL NUMBER | |
| control field | 000864206 |
| 003 - CONTROL NUMBER IDENTIFIER | |
| control field | AM-YeHGA |
| 005 - DATE AND TIME OF LATEST TRANSACTION | |
| control field | 20250617145123.0 |
| 007 - PHYSICAL DESCRIPTION FIXED FIELD--GENERAL INFORMATION | |
| fixed length control field | t| |
| 008 - FIXED-LENGTH DATA ELEMENTS--GENERAL INFORMATION | |
| fixed length control field | 941104c19879999nyuqrzp 0 a0eng c |
| 022 ## - INTERNATIONAL STANDARD SERIAL NUMBER | |
| International Standard Serial Number | 1075-7066 |
| ISSN-L [OBSOLETE] | 1075-7066 |
| Incorrect ISSN | 0199-8765 |
| 040 ## - CATALOGING SOURCE | |
| Original cataloging agency | AM-YeHGA |
| 041 0# - LANGUAGE CODE | |
| Language code of text/sound track or separate title | eng |
| -- | arm |
| 090 ## - LOCALLY ASSIGNED LC-TYPE CALL NUMBER (OCLC); LOCAL CALL NUMBER (RLIN) | |
| -- | 308300 |
| 130 0# - MAIN ENTRY--UNIFORM TITLE | |
| Uniform title | Armenian Church (New York, N.Y. : 1987) |
| 210 0# - ABBREVIATED TITLE | |
| Abbreviated title | Armen. church |
| Qualifying information | (1987) |
| 222 #4 - KEY TITLE | |
| Key title | The Armenian church |
| Qualifying information | (1987) |
| 245 04 - TITLE STATEMENT | |
| Title | The Armenian Church = |
| Remainder of title | Հայաստանեայց եկեղեցի / |
| Statement of responsibility, etc. | Diocese of the Armenian Church of America. |
| 246 31 - VARYING FORM OF TITLE | |
| Title proper/short title | Հայաստանեայց եկեղեցի |
| 260 ## - PUBLICATION, DISTRIBUTION, ETC. | |
| Place of publication, distribution, etc. | New York : |
| Name of publisher, distributor, etc. | The Diocese,. |
| 270 ## - ADDRESS | |
| Address | Diocese of the Armenian Church, 630 Second Ave., New York, N.Y. 10016 |
| 300 ## - PHYSICAL DESCRIPTION | |
| Extent | v. : |
| Other physical details | ill. (some col.) ; |
| Dimensions | 28-38 cm. |
| 310 ## - CURRENT PUBLICATION FREQUENCY | |
| Current publication frequency | Quarterly, |
| Date of current publication frequency | <spring 2000-> |
| 321 ## - FORMER PUBLICATION FREQUENCY | |
| Former publication frequency | Monthly (May-June and July-Aug. issues combined), |
| Dates of former publication frequency | 1987- |
| 321 ## - FORMER PUBLICATION FREQUENCY | |
| Former publication frequency | 10 issues a year, |
| Dates of former publication frequency | <Jan./Feb. 1994-> |
| 362 1# - DATES OF PUBLICATION AND/OR SEQUENTIAL DESIGNATION | |
| Dates of publication and/or sequential designation | Began Jan. 1987. |
| 500 ## - GENERAL NOTE | |
| General note | Description based on: Vol. 1, no. 3 (Mar. 1987); title from caption. |
| 546 ## - LANGUAGE NOTE | |
| Language note | Chiefly in English; some Armenian. |
| 610 20 - SUBJECT ADDED ENTRY--CORPORATE NAME | |
| Corporate name or jurisdiction name as entry element | Armenian Church |
| Geographic subdivision | United States |
| Form subdivision | Periodicals. |
| 710 2# - ADDED ENTRY--CORPORATE NAME | |
| Corporate name or jurisdiction name as entry element | Armenian Church of America. |
| 780 00 - PRECEDING ENTRY | |
| Title | Bema (Armenian Church of America) |
| International Standard Serial Number | 0199-8765 |
| Withdrawn status | Lost status | Source of classification or shelving scheme | Damaged status | Not for loan | Collection | Home library | Current library | Date acquired | Serial enumeration / chronology | Total checkouts | Full call number | Barcode | Date last seen | Price effective from | Koha item type | Public note |
|---|---|---|---|---|---|---|---|---|---|---|---|---|---|---|---|---|
| Universal Decimal Classification | Levon Zekiyan Individual Collection | Fundamental Scientific Library | Fundamental Scientific Library | 09/01/2017 | 2002, Vol. 17, No. 4 | Zek/892 | FL0217234 | 09/01/2017 | 09/01/2017 | Գրքեր / Books | ILL Non-Circ. |
ՀՀ Գիտությունների ազգային ակադեմիայի հիմնարար գիտական գրադարան = Fundamental Scientific Library of NAS RA
All site content, except where otherwise noted, is licensed under a